00209nam a2200097Ia 4500008004100000041000800041100001300049245003300062260000900095365000700104240625s9999 xx 000 0 und d aeng aMANORAMA aMANORAMA KNOWLEDGE ADVENTURE c2007 cRS